| 000 | 00412cam a2200157ua 4500 | ||
|---|---|---|---|
| 041 |
_aeng _h |
||
| 082 |
_a823.308 _bTHS/NE |
||
| 100 | _aThack eray, william makepeace . | ||
| 245 |
_aNew Comes in two Volumes V II / _cWilliam Makcpeace. _hTextual Documents |
||
| 250 |
_a1 / _b. |
||
| 260 |
_aLendon : _bJ M Dent & Sons Ltd , _c1962. |
||
| 300 | _a440 ; . | ||
| 504 | _a | ||
| 942 | _cBK | ||
| 999 |
_c2819 _d2819 |
||